| 000 | 01003nam a2200253 a 4500 | ||
|---|---|---|---|
| 005 | 20240925065943.0 | ||
| 008 | 060531s2005 mx r 000 0 spa d | ||
| 020 | _a9871004850 | ||
| 035 | _aUPN01000144938 | ||
| 049 | _aCG | ||
| 050 | 4 |
_aLB1028.3 _bT3.3 |
|
| 100 | 1 | _aTemporelli, Walter | |
| 245 | 1 | 0 |
_aConversaciones con Salvador "Pocho" Ottobre : _b¿dónde quedó mi tamagochi? : paradojas de las nuevas tecnologías de la educación / _cWalter Temporelli ; pról. José Manuel Pérez Tornero. |
| 260 |
_aBuenos Aires : _bLa Crujía : _bUniversidad Austral, Facultad de Comunicación, _c2005. |
||
| 300 |
_a154 p. + _e1 CD-ROM ; 4 3/4 plg. |
||
| 440 | 0 |
_aInclusiones. _pHerramientas |
|
| 500 | _a"Contiene CD" | ||
| 500 | _aIncluye un CD-ROM, solicítalo en Documentación | ||
| 600 | 1 | 4 |
_aOTTOBRE, SALVADOR - _vENTREVISTAS _97139 |
| 650 | 2 |
_aTecnología de la información _94816 |
|
| 650 | 4 |
_aTecnología educativa _94978 |
|
| 650 | 4 |
_aTelevisión en la educación _91518 |
|
| 905 | _aLibro | ||
| 999 |
_c117085 _d117085 |
||